000 00488nam a2200193Ia 4500
008 131103s9999 xx 000 0 und d
020 _a600531511
040 _aLoreto College
041 _aEnglish
082 _aREF
_bLCBED/10491
100 _aKate, Lynn ten
245 _aMy own world encyclopedia
_cLynn ten Kate
260 _aLondon
_bHamlyn
_c1988
300 _a70p.
_b pic.
_c 27cm.
504 _aIncludes index
650 _aEncyclopedia
850 _aLCBED/REF
942 _cBK
999 _c31206
_d81685